Načítá se...

The history of sexuality: v.1 : an introduction / the will to knowledge)/

Podrobná bibliografie
Hlavní autor: Michel Foucault
Další autoři: Robert Hurley (tr.)
Médium: Printed Book
Vydáno: New York: Vintage, 1990.
Témata:
LEADER 00869nam a22002171a 4500
999 |c 18375  |d 18375 
020 |a 9780679724698 
082 |a 306.77  |b MIC/H 
100 |a Michel Foucault  
245 |a The history of sexuality:   |b v.1 : an introduction / the will to knowledge)/  |c by Michel Foucault.  
260 |a New York:  |b Vintage,  |c 1990. 
300 |a 168p. 
650 |a Sexuality 
650 |a Sexual Science 
650 |a Sex Customs History 
650 |a Social Sciences 
700 |a Robert Hurley (tr.) 
942 |c REF 
942 |c BK 
952 |0 0  |1 0  |4 0  |6 R_306_770000000000000_MIC_H  |7 0  |9 25994  |a SSUS  |b SSUS  |d 2015-01-08  |g 429.00  |o R 306.77 MIC/H  |p 027623  |r 2015-01-08  |v 0.00  |w 2015-01-08  |y REF 
952 |0 0  |1 0  |4 0  |6 306_770000000000000_MIC_H  |7 0  |9 25995  |a SSUS  |b SSUS  |c STACKS  |d 2015-01-08  |g 429.00  |l 11  |m 2  |o 306.77 MIC/H  |p 045702  |q 2019-08-15  |r 2019-11-06  |s 2019-11-06  |v 0.00  |w 2015-01-08  |y BK